00560nam a22001817a 4500003000400000020001800004082001700022100003400039245003200073250000800105260002500113300000800138650002200146653003200168942001200200952014900212999001700361SGT a9781608318049 a610.72bD07H aHulley, Stephan B... [et al.] aDesigning Clinical Research a4th bWolters Kluwerc2007 a367 aClinical Research aResearch; Clinical Research 2ddccBK 00102ddc4071aFDbFDd2022-05-02eAhuja Book Co. Pvt. Ltd.g8079.00iSGTUl0o610.72 D07HpFD8545r2023-12-08 00:00:00w2022-04-16yBKk14353 c22683d22683